Faculty of Law Library — Cairo University

Official Online Catalog

دور القاضي الإداري في الرقابة على شرط المنفعة العامة في حالة نزع الملكية : (Record no. 75822)

MARC details
000 -LEADER
fixed length control field 01301nam a2200325 i 4500
003 - CONTROL NUMBER IDENTIFIER
control field EG-GICUC
005 - DATE AND TIME OF LATEST TRANSACTION
control field 20260505155556.0
008 - FIXED-LENGTH DATA ELEMENTS--GENERAL INFORMATION
fixed length control field 260505s1993 ua ||||fr|||| 00| 0 ara d
015 ## - NATIONAL BIBLIOGRAPHY NUMBER
Qualifying information 93/4158
020 ## - INTERNATIONAL STANDARD BOOK NUMBER
International Standard Book Number 9770409693
040 ## - CATALOGING SOURCE
Original cataloging agency EG-GICUC
Language of cataloging ara
Transcribing agency EG-GICUC
Modifying agency EG-GICUC
Description conventions rda
041 ## - LANGUAGE CODE
Language code of text/sound track or separate title ara
082 04 - DEWEY DECIMAL CLASSIFICATION NUMBER
Edition number 21
Classification number 345.693
Item number ن ب . د
092 04 - LOCALLY ASSIGNED DEWEY CALL NUMBER (OCLC)
Edition number 21
099 ## - LOCAL FREE-TEXT CALL NUMBER (OCLC)
Classification number Law1 07 345.693 ن ب . د 1993
100 1# - MAIN ENTRY--PERSONAL NAME
Personal name نبيلة عبد الحليم كامل
Relator term مؤلف.
245 ## - TITLE STATEMENT
Title دور القاضي الإداري في الرقابة على شرط المنفعة العامة في حالة نزع الملكية :
Remainder of title الاتجاه الحديث لمجلسي الدولة في مصر وفرنسا /
Statement of responsibility, etc. نبيلة عبد الحليم كامل .
264 ## - PRODUCTION, PUBLICATION, DISTRIBUTION, MANUFACTURE, AND COPYRIGHT NOTICE
Place of production, publication, distribution, manufacture القاهرة :
Name of producer, publisher, distributor, manufacturer دار النهضة العربية ،
Date of production, publication, distribution, manufacture, or copyright notice 1993 .
300 ## - PHYSICAL DESCRIPTION
Extent 87 ؛ صفحة
Dimensions 24 سم
336 ## - CONTENT TYPE
Source rda content
Content type term text
337 ## - MEDIA TYPE
Source rda media
Media type term Computer
338 ## - CARRIER TYPE
Source rda carrier
Carrier type term Online Resource
546 ## - LANGUAGE NOTE
Language note النص باللغة العربية
650 1# - SUBJECT ADDED ENTRY--TOPICAL TERM
Topical term or geographic name entry element القانون الادارى
650 1# - SUBJECT ADDED ENTRY--TOPICAL TERM
Topical term or geographic name entry element الرقابة القضائية علي اعمال الادارة
651 1# - SUBJECT ADDED ENTRY--GEOGRAPHIC NAME
Source of heading or term qrmak
856 40 - ELECTRONIC LOCATION AND ACCESS
Uniform Resource Identifier <a href="https://fll.law.cu.edu.eg/fulltext/bks/B07-03829.pdf">https://fll.law.cu.edu.eg/fulltext/bks/B07-03829.pdf</a>
905 ## - Cataloger and Reviser Names
Cataloger Name: Hager Sameh
942 ## - ADDED ENTRY ELEMENTS (KOHA)
Source of classification or shelving scheme Dewey Decimal Classification
Koha item type Books
Edition 21
Suppress in OPAC No
Holdings
Withdrawn status Lost status Source of classification or shelving scheme Damaged status Not for loan Collection Home library Current library Date acquired Total checkouts Full call number Barcode Date last seen Copy number Price effective from Koha item type
    Dewey Decimal Classification   Not for loan القانون الإداري جــــامعة القــاهرة مكتبة كلية الحقوق - المبنى الرئيسي 05.05.2026   Law1 07 345.693 ن ب . د 1993 0703829 C1 B07-03829 05.05.2026 1 05.05.2026 Books

© All rights reserved — Faculty of Law, Cairo University